000 01506nam a2200361 a 4500
001 00000688
003 DO-SdBNP
005 20180312101412.0
007 0000688
008 091125s2008 dr a 000 0 spa d
020 _a9789945112672
040 _aBPMSU
_bspa
_cBPMSU
082 0 4 _a372.63
_bG216o 3ro. 2008
100 1 _aGarcía Cartagena, Manuel
245 1 0 _aOrtografía 3 :
_b[educación básica] /
_cManuel García Cartagena, Martha Campusano ; dirección editorial Obdulia García de Escobar ; ilustración Ruddy Núñez.
260 _aSanto Domingo :
_bSantillana,
_c2008.
300 _a63 p. :
_bil. ;
_c28 cm.
490 1 _aCoral
505 0 _tEl sonido k --
_tEl sonido g suave --
_tLa división de palabras --
_tEl punto y la coma --
_tEl sonido r fuerte --
_tEl sonido j --
_tPalabras con br y con bl --
_tPalabras con mp y con mb --
_tSignos de interrogación y admiración --
_tEl sonido g suave.
650 4 _aESPAÑOL
_xORTOGRAFÍA
_xENSEÑANZA BÁSICA
650 4 _aESPAÑOL
_xORTOGRAFÍA
_xESTUDIOS Y EJERCICIOS
650 4 _aESPAÑOL
_xORTOGRAFÍA
_xLIBROS DE TEXTOS
650 4 _aEDUCACIÓN PRIMARIA
_zREPÚBLICA DOMINICANA
650 4 _aESPAÑOL
_xORTOGRAFÍA
_xEDUCACIÓN PRIMARIA
700 1 _aCampusano, Martha
700 1 _aGarcía de Escobar, Obdulia,
_4ed.
700 1 _aNúñez, Ruddy
_eil.
830 0 _aCoral
910 _aValidado. Control de calidad MFF
942 _2ddc
_cBK
945 _aRemanejado para la Bib. BNPHU, 2018/ YL
956 _aYLOCKWARD
_b10
999 _c10286
_d10286